[Event "IECG TE.2006.P.02303 email"]
[Site "IECG email"]
[Date "2006.12.20"]
[Round "?"]
[White "Perez, Jose M"]
[Black "Geiger, Walter"]
[Result "0-1"]
[WhiteElo "1840"]
[BlackElo "2093"]
[PlyCount "106"]
[EventDate "2006.12.20"]
[EventType "tourn (corr)"]
[EventRounds "12"]
[SourceTitle "Corr 2024"]
[Source "ChessBase"]
[SourceDate "2023.10.19"]
[SourceVersion "1"]
[SourceVersionDate "2023.10.19"]
[SourceQuality "1"]

1. e4 c5 2. c3 Nf6 3. e5 Nd5 4. d4 cxd4 5. Nf3 d6 6. Bc4 Nb6 7. Bb3 d5 8. Nxd4 Nc6 9. Bf4 g5 10. Nxc6 bxc6 11. Bxg5 Rg8 12. Qd2 Nc4 13. Bxc4 dxc4 14. Na3 Qd5 15. 0-0-0 Qxd2+ 16. Bxd2 Rxg2 17. Be3 Be6 18. Rdg1 Rg6 19. f4 Bh6 20. h4 Bd5 21. h5 Rxg1+ 22. Rxg1 f5 23. exf6 exf6 24. Nc2 Kf7 25. f5 Bf8 26. Nd4 Be4 27. b4 cxb3 28. axb3 a5 29. h6 a4 30. Rg4 Re8 31. bxa4 c5 32. Nb5 Re5 33. Bf4 Bxf5 34. Bxe5 Bxg4 35. Bf4 Bd7 36. c4 Be6 37. Nd6+ Kg6 38. a5 Bxd6 39. Bxd6 Bxc4 40. Bf4 Ba6 41. Kd2 Kf5 42. Ke3 c4 43. Bd6 Kg4 44. Bb4 f5 45. Kf2 Kg5 46. Bd2+ f4 47. Kf3 Bb7+ 48. Ke2 Kg4 49. Be1 f3+ 50. Ke3 Ba6 51. Kf2 Kf4 52. Bc3 Bb7 53. Bf6 Ke4 0-1

[Event "IECG CB.2001.0.00007 email"]
[Site "IECG email"]
[Date "2001.06.26"]
[Round "1"]
[White "Perez, Jose M"]
[Black "Di Tolla, Francesco"]
[Result "1/2-1/2"]
[WhiteElo "1803"]
[BlackElo "1957"]
[PlyCount "52"]
[EventDate "2001.06.26"]
[EventType "tourn (corr)"]
[EventRounds "6"]
[SourceTitle "Corr 2024"]
[Source "ChessBase"]
[SourceDate "2023.10.19"]
[SourceVersion "1"]
[SourceVersionDate "2023.10.19"]
[SourceQuality "1"]

1. d4 Nf6 2. c4 e5 3. dxe5 Ng4 4. Nf3 Bc5 5. e3 Nc6 6. Be2 0-0 7. 0-0 Re8 8. Nc3 a5 9. Qd5 Bf8 10. e6 dxe6 11. Qxd8 Rxd8 12. Nb5 Rd7 13. b3 Na7 14. Nxa7 Rxa7 15. Bb2 a4 16. Nd4 Nf6 17. Nb5 Ra6 18. Bxf6 gxf6 19. Rad1 axb3 20. axb3 c6 21. Rxd7 Bxd7 22. Rd1 cxb5 23. Rxd7 bxc4 24. Bxc4 Ra1+ 25. Bf1 b5 26. g4 Ra3 1/2-1/2

[Event "IECG CB.2001.0.00007 email"]
[Site "IECG email"]
[Date "2001.06.26"]
[Round "1"]
[White "Perez, Jose M"]
[Black "Van Rooijen, Peter"]
[Result "1-0"]
[WhiteElo "1803"]
[BlackElo "1706"]
[PlyCount "43"]
[EventDate "2001.06.26"]
[EventType "tourn (corr)"]
[EventRounds "6"]
[SourceTitle "Corr 2024"]
[Source "ChessBase"]
[SourceDate "2023.10.19"]
[SourceVersion "1"]
[SourceVersionDate "2023.10.19"]
[SourceQuality "1"]

1. e4 e6 2. d4 d5 3. Nc3 Bb4 4. e5 c5 5. a3 cxd4 6. axb4 dxc3 7. Nf3 Qc7 8. Qd4 cxb2 9. Bxb2 Ne7 10. Bd3 Nd7 11. 0-0 Nb6 12. Qg4 0-0 13. c4 Rd8 14. c5 Nc4 15. Bxc4 dxc4 16. Qxc4 b6 17. Ng5 Bb7 18. Rfc1 bxc5 19. Qf4 Nf5 20. Rxc5 Qb6 21. g4 Nh6 22. Ne4 1-0

[Event "IECG L2.2001.0.00011 email"]
[Site "IECG email"]
[Date "2001.03.25"]
[Round "?"]
[White "Grkinic, Goran"]
[Black "Perez, Jose M"]
[Result "0-1"]
[WhiteElo "1379"]
[BlackElo "1795"]
[PlyCount "168"]
[EventDate "2001.03.25"]
[EventType "tourn (corr)"]
[EventRounds "14"]
[SourceTitle "Corr 2024"]
[Source "ChessBase"]
[SourceDate "2023.10.19"]
[SourceVersion "1"]
[SourceVersionDate "2023.10.19"]
[SourceQuality "1"]

1. e4 c5 2. Nf3 d6 3. d4 cxd4 4. Nxd4 Nf6 5. Nc3 a6 6. h3 e6 7. Bd3 b5 8. Be3 b4 9. Nce2 Bb7 10. Ng3 Nbd7 11. 0-0 Nc5 12. Bg5 h6 13. Bd2 Qb6 14. Be3 Qc7 15. Bd2 d5 16. exd5 Nxd5 17. a3 Na4 18. axb4 Nxb2 19. Qe1 Qb6 20. Ndf5 Nxd3 21. cxd3 Rd8 22. Qe5 f6 23. Qe2 Kf7 24. Nh4 h5 25. Rfb1 Nxb4 26. Nxh5 a5 27. Qg4 g5 28. Nxf6 gxh4 29. Bc3 Rxd3 30. Nd7 Rxd7 31. Bxh8 Rd5 32. Qxh4 Ke8 33. Rd1 Rf5 34. Qg3 Bd5 35. Bd4 Qb5 36. Rd2 a4 37. Rc1 Nc6 38. Qg6+ Kd7 39. Bc5 Qxc5 40. Rxc5 Bxc5 41. Qg7+ Kd6 42. Rc2 Bb3 43. Rd2+ Rd5 44. Rxd5+ Kxd5 45. Qg5+ e5 46. h4 Be7 47. Qg4 Kd6 48. Qg6+ Kc7 49. Qg3 Be6 50. Qg6 Kd7 51. Qd3+ Kc7 52. Qg6 Bd5 53. Qd3 Bf7 54. Qf3 Be6 55. h5 a3 56. h6 a2 57. Qd1 Bf6 58. Qa1 Nd4 59. Qb2 e4 60. Kh1 Kd6 61. h7 Ke5 62. Qc3 Kf5 63. h8Q Bxh8 64. Qh3+ Kg6 65. Qg3+ Kf6 66. Qc3 Bg7 67. Kh2 Kg6 68. Qg3+ Kh5 69. Qxg7 a1Q 70. Qh7+ Kg5 71. Qxe4 Qd1 72. Qe3+ Kf6 73. Qh6+ Kf7 74. Qh7+ Ke8 75. Qh6 Kd7 76. Qg7+ Kd6 77. Qf8+ Kd5 78. Qd8+ Kc4 79. Qc7+ Kd3 80. Qg3+ Ke2 81. f4 Bf5 82. Qa3 Kf2 83. Qg3+ Kf1 84. Kh1 Qe2 0-1